| 000 | 01217 a2200253 4500 | ||
|---|---|---|---|
| 003 | Nust | ||
| 005 | 20220818105429.0 | ||
| 010 | _a 2004041197 | ||
| 020 | _a0471446084 (cloth) | ||
| 040 | _cNust | ||
| 082 | 0 | 0 | _a621.3822,DES |
| 100 | 1 |
_aDesurvire, Emmanuel, _962720 |
|
| 245 | 1 | 0 |
_aWiley survival guide in global telecommunications : _bsignaling principles, network protocols, and wireless systems / _cEmmanuel Desurvire. |
| 260 |
_aHoboken, N.J. : _bWiley-Interscience, _cc2004. |
||
| 300 |
_axxvii, 408 p. : _bill ; _c25 cm. |
||
| 440 | 0 |
_aWiley survival guides in engineering and science _997951 |
|
| 505 | _aSignal Modulation, Coding, Detection and Processing (Page-11), Telephony and Data Networking (Page-91), An Overview of Core Network Transmission Protocols (Page-133), Wireless Communications (Page-205), | ||
| 650 | 0 |
_aComputer networks. _93677 |
|
| 650 | 0 | _aSignal processing. | |
| 856 | 4 | 2 |
_3Contributor biographical information _uhttp://www.loc.gov/catdir/bios/wiley047/2004041197.html |
| 856 | 4 | 2 |
_3Publisher description _uhttp://www.loc.gov/catdir/description/wiley042/2004041197.html |
| 856 | 4 | 2 |
_3Table of contents _uhttp://www.loc.gov/catdir/toc/wiley041/2004041197.html |
| 942 |
_cREF _2ddc |
||
| 999 |
_c175723 _d175723 |
||